<?xml version="1.0" encoding="UTF-8"?>
<record
    xmlns:xsi="http://www.w3.org/2001/XMLSchema-instance"
    xsi:schemaLocation="http://www.loc.gov/MARC21/slim http://www.loc.gov/standards/marcxml/schema/MARC21slim.xsd"
    xmlns="http://www.loc.gov/MARC21/slim">

  <leader>03134nam a2200277 a 4500</leader>
  <controlfield tag="001">000046416</controlfield>
  <controlfield tag="003">DO-SdBNP</controlfield>
  <controlfield tag="005">20150813114431.0</controlfield>
  <controlfield tag="007">000046416</controlfield>
  <controlfield tag="008">150811d2002    dr ac         000 0 spa d</controlfield>
  <datafield tag="020" ind1=" " ind2=" ">
    <subfield code="a">9993476242 (v. 5)</subfield>
  </datafield>
  <datafield tag="040" ind1=" " ind2=" ">
    <subfield code="a">BPMSU</subfield>
    <subfield code="b">spa</subfield>
    <subfield code="c">BPMSU</subfield>
  </datafield>
  <datafield tag="092" ind1=" " ind2=" ">
    <subfield code="a">xxxx</subfield>
    <subfield code="b">xxxx</subfield>
  </datafield>
  <datafield tag="100" ind1="1" ind2=" ">
    <subfield code="a">Valle Rojas, Miguel del</subfield>
  </datafield>
  <datafield tag="245" ind1="1" ind2="0">
    <subfield code="a">Qu&#xE9; r&#xE1;pido aprendo ortograf&#xED;a /</subfield>
    <subfield code="c">Miguel del Valle Rojas ; ilustraciones Alejandro Juzgado.</subfield>
  </datafield>
  <datafield tag="260" ind1=" " ind2=" ">
    <subfield code="a">Santo Domingo :</subfield>
    <subfield code="b">Actualidad Escolar 2000,</subfield>
    <subfield code="c">[2002].</subfield>
  </datafield>
  <datafield tag="300" ind1=" " ind2=" ">
    <subfield code="a">v. :</subfield>
    <subfield code="b">il., retrs. ;</subfield>
    <subfield code="c">28 cm.</subfield>
  </datafield>
  <datafield tag="505" ind1="0" ind2=" ">
    <subfield code="g">v. 3</subfield>
    <subfield code="t">Uso de s, l, r implosivas. Empleo de la d intervoc&#xE1;lica --</subfield>
    <subfield code="t">Las combinaciones ca, que, qui, co, cu --</subfield>
    <subfield code="t">Sin&#xF3;nimos y antonimos. Uso de la y y la ll --</subfield>
    <subfield code="t">El fonema /s/. Combinaciones sa, se, si, so, su --</subfield>
    <subfield code="t">Oraciones, adivinanzas y palabras hom&#xF3;nimas --</subfield>
    <subfield code="t">S&#xED;laba y diptongos --</subfield>
    <subfield code="t">S&#xED;laba directa, indirecta y mixta --</subfield>
    <subfield code="t">Palabra seg&#xFA;n el acento --</subfield>
    <subfield code="t">Prefijos y sufijos. Uso de la las letras i y g --</subfield>
    <subfield code="t">Palabras compuestas y familia de palabras. G&#xE9;nero y n&#xFA;mero --</subfield>
    <subfield code="t">El fonema /g/. Combinaciones con g --</subfield>
    <subfield code="t">Uso de r, rr, h, y n antes de v y f --</subfield>
    <subfield code="t">Uso de las letras may&#xFA;sculas. Sustantivos propios y comunes --</subfield>
    <subfield code="t">Signos de puntuaci&#xF3;n, exclamaci&#xF3;n e interrogaci&#xF3;n --</subfield>
    <subfield code="t">Uso de b, v, y m antes de p y b --</subfield>
    <subfield code="t">Escritura de n&#xFA;meros --</subfield>
    <subfield code="t">Multiplicaci&#xF3;n de n&#xFA;meros naturales --</subfield>
    <subfield code="t">Escritura de n&#xFA;meos --</subfield>
    <subfield code="t">Palabras que indican acci&#xF3;n (verbos). La oraci&#xF3;n --</subfield>
    <subfield code="t">Ejercicios de repaso --</subfield>
    <subfield code="g">v. 5</subfield>
    <subfield code="t">Letras muyuscula. Signo de puntuaci&#xF3;n, exclamaci&#xF3;n e interrogaci&#xF3;n --</subfield>
    <subfield code="t">El acento y los recursos literarios. El hiato natural e interrogaci&#xF3;n --</subfield>
    <subfield code="t">Palabras par&#xF3;minas, hom&#xF3;fonas, hom&#xF3;nimas, compuestas, sin&#xF3;nimas y ant&#xF3;nimas --</subfield>
    <subfield code="t">Uso de la b-v, y-ll --</subfield>
    <subfield code="t">Uso de je-ge, ji-gi, r-rr --</subfield>
    <subfield code="t">Combinaciones mb,mp, mn. Uso de d, t, p, n, v --</subfield>
    <subfield code="t">Uso de la h --</subfield>
    <subfield code="t">Escritura de n&#xFA;meros --</subfield>
    <subfield code="t">Adjetivo y adverbio --</subfield>
    <subfield code="t">La oraci&#xF3;n. Sujeto, predicado, complementos. El verbo --</subfield>
    <subfield code="t">Redacci&#xF3;n de textos --</subfield>
    <subfield code="g">v. 6</subfield>
    <subfield code="t">Uso de las letras may&#xFA;sculas --</subfield>
    <subfield code="t">Uso de los signos de puntuaci&#xF3;n, interrogaci&#xF3;n y exclamaci&#xF3;n --</subfield>
    <subfield code="t">Uso de las letras s-c-z-x, b-v, y-ll --</subfield>
    <subfield code="t">Uso de las letras h, r, rr, m, d, t, j, g --</subfield>
    <subfield code="t">Uso de preposiciones y art&#xED;culos --</subfield>
    <subfield code="t">Clasificaci&#xF3;n de las palabras por el acento --</subfield>
    <subfield code="t">El adjetivo y el adverbio --</subfield>
    <subfield code="t">El verbo. Modos y tiempos --</subfield>
    <subfield code="t">La oraci&#xF3;n. Sujeto y predicado --</subfield>
    <subfield code="t">Redacci&#xF3;n y ortograf&#xED;a --</subfield>
  </datafield>
  <datafield tag="505" ind1="0" ind2=" ">
    <subfield code="g">v. 8</subfield>
    <subfield code="t">La oraci&#xF3;n sintagma nominal --</subfield>
    <subfield code="t">Los signos de puntuaci&#xF3;n --</subfield>
    <subfield code="t">Los signos de puntuacion (ll) --</subfield>
    <subfield code="t">El determinante --</subfield>
    <subfield code="t">Acentuaci&#xF3;n de palabras --</subfield>
    <subfield code="t">Palabras hom&#xF3;fenas --</subfield>
    <subfield code="t">El adjetivo. Clases --</subfield>
    <subfield code="t">El adjetivo. Clases (ll) --</subfield>
    <subfield code="t">Palabras par&#xF3;nimas --</subfield>
    <subfield code="t">Palabras sin&#xF3;nimas y ant&#xF3;nimas --</subfield>
    <subfield code="t">El nombre o sustantivo. Clases --</subfield>
    <subfield code="t">Uso de B Y V --</subfield>
    <subfield code="t">El pronombre --</subfield>
    <subfield code="t">Uso de G Y J --</subfield>
    <subfield code="t">Normas ortograficas de la X --</subfield>
    <subfield code="t">Uso de C, S y Z --</subfield>
    <subfield code="t">Las conjuciones --</subfield>
    <subfield code="t">El verbo --</subfield>
    <subfield code="t">Uso de la l, Y, Ll --</subfield>
    <subfield code="t">Uso de la H --</subfield>
  </datafield>
  <datafield tag="700" ind1="1" ind2="2">
    <subfield code="a">Juzgado, Alejandro,</subfield>
    <subfield code="e">il.</subfield>
  </datafield>
  <datafield tag="930" ind1=" " ind2="1">
    <subfield code="l">BND01</subfield>
    <subfield code="m">LF1</subfield>
    <subfield code="8">20150811</subfield>
    <subfield code="f">01</subfield>
    <subfield code="p">OI</subfield>
    <subfield code="g">50039</subfield>
  </datafield>
  <datafield tag="942" ind1=" " ind2=" ">
    <subfield code="2">ddc</subfield>
    <subfield code="c">BK</subfield>
  </datafield>
  <datafield tag="952" ind1=" " ind2=" ">
    <subfield code="0">0</subfield>
    <subfield code="1">0</subfield>
    <subfield code="2">ddc</subfield>
    <subfield code="4">0</subfield>
    <subfield code="7">0</subfield>
    <subfield code="8">CI-D</subfield>
    <subfield code="a">BPMET</subfield>
    <subfield code="b">BPMET</subfield>
    <subfield code="d">2015-08-13</subfield>
    <subfield code="l">0</subfield>
    <subfield code="p">BPMSU15080385</subfield>
    <subfield code="r">2015-08-13</subfield>
    <subfield code="t">v. 5</subfield>
    <subfield code="w">2015-08-13</subfield>
    <subfield code="y">BK</subfield>
  </datafield>
  <datafield tag="956" ind1=" " ind2=" ">
    <subfield code="a">DGARCIA</subfield>
    <subfield code="b">10</subfield>
    <subfield code="c">20150811</subfield>
    <subfield code="l">BND01</subfield>
    <subfield code="h">1040</subfield>
  </datafield>
  <datafield tag="956" ind1=" " ind2=" ">
    <subfield code="a">LOPEREZ</subfield>
    <subfield code="b">10</subfield>
    <subfield code="c">20150812</subfield>
    <subfield code="l">BND01</subfield>
    <subfield code="h">1101</subfield>
  </datafield>
  <datafield tag="956" ind1=" " ind2=" ">
    <subfield code="a">VMATEO</subfield>
    <subfield code="b">10</subfield>
    <subfield code="c">20150813</subfield>
    <subfield code="l">BPMSU</subfield>
    <subfield code="h">00151</subfield>
  </datafield>
  <datafield tag="999" ind1=" " ind2=" ">
    <subfield code="c">8197</subfield>
    <subfield code="d">8197</subfield>
  </datafield>
</record>
